000 00773cac a2200229 a 4500
003 Co-PeBPM
005 20240628150917.0
007 ta
008 231129s1971||||ck a||||||||||||| ||spa||
040 _aCo-PeBPM
_bspa
_cCoPeBPM
_erda
082 0 4 _a304.6 F533m
_222
100 _aFisher,Tadd
_eautor
245 0 _aUn mundo sobrepoblado
_c/ Tadd Fisher
260 _aRepública Argentina; México
_b: Pax-Mexico-Carlos Cesarman,
_c1971
264 _aPax-Mexico-Carlos Cesarman
300 _a292 páginas
_bilustraciones en blanco y negro
_c21 centímetros
500 _aIncluye índice, tablas y gráficas
650 1 4 _aSobrepoblación - Aspectos ambientales
_2Lemb
650 1 4 _aPoblación - Aspectos económicos
_2Lemb
765 _aOur Overcrowded World
942 _2ddc
_cBK
999 _c25877
_d25877